[Event "Kiev Spring op"]
[Site "Kiev"]
[Date "2023.03.31"]
[Round "9"]
[White "Fainkihen, Efim"]
[Black "Chornozem, Sergey"]
[Result "1/2-1/2"]
[WhiteElo "1972"]
[BlackElo "1839"]
[PlyCount "122"]
[EventDate "2023.03.25"]
[EventType "swiss"]
[EventRounds "9"]
[EventCountry "UKR"]
[SourceTitle "EXT 2024"]
[Source "ChessBase"]
[SourceDate "2023.10.10"]
[SourceVersion "1"]
[SourceVersionDate "2023.10.10"]
[SourceQuality "1"]

1. e4 c5 2. Nf3 d6 3. d4 cxd4 4. Nxd4 Nf6 5. Nc3 a6 6. Bc4 e6 7. Be3 Be7 8. Qf3 Qc7 9. Bb3 Nc6 10. Qg3 Nxd4 11. Bxd4 0-0 12. e5 Nh5 13. Qe3 dxe5 14. Bxe5 Bd6 15. Bxd6 Qxd6 16. Rd1 Qc7 17. Kd2 Nf6 18. Kc1 Bd7 19. h4 Bc6 20. h5 h6 21. Rh4 Rfd8 22. Rxd8+ Rxd8 23. g4 Qe7 24. g5 hxg5 25. Qxg5 Nd5 26. Ne4 Qxg5+ 27. Nxg5 Nf6 28. h6 gxh6 29. Rxh6 Ng4 30. Rh8+ Kxh8 31. Nxf7+ Kg7 32. Nxd8 Nxf2 33. Nxc6 bxc6 34. Bxe6 Kf6 35. Bc8 a5 36. Bb7 c5 37. Kd2 Ke5 38. Kc3 Nd1+ 39. Kc4 Kd6 40. Kb5 Nxb2 41. Kxa5 Nc4+ 42. Ka4 Kc7 43. Bh1 Kb6 44. Kb3 Nd6 45. a4 Ka5 46. Bc6 Kb6 47. Bd7 Ka5 48. Kc3 Kb6 49. Kd3 Ka5 50. c3 Kb6 51. Ke3 Kc7 52. Be6 Kb6 53. Kf4 c4 54. Ke5 Kc5 55. Bd5 Nc8 56. a5 Na7 57. Bb7 Nb5 58. a6 Kb6 59. Kd5 Nxc3+ 60. Kxc4 Na4 61. Kb4 Nc5 1/2-1/2

[Event "Kiev Spring op"]
[Site "Kiev"]
[Date "2023.03.29"]
[Round "6"]
[White "Chornozem, Sergey"]
[Black "Levchuk, Dmitry"]
[Result "1/2-1/2"]
[WhiteElo "1839"]
[BlackElo "2036"]
[PlyCount "65"]
[EventDate "2023.03.25"]
[EventType "swiss"]
[EventRounds "9"]
[EventCountry "UKR"]
[SourceTitle "EXT 2024"]
[Source "ChessBase"]
[SourceDate "2023.10.10"]
[SourceVersion "1"]
[SourceVersionDate "2023.10.10"]
[SourceQuality "1"]

1. Nf3 e6 2. d4 Nf6 3. Bg5 Be7 4. e3 b6 5. Bd3 Bb7 6. Nbd2 c5 7. c3 d5 8. 0-0 Ne4 9. Bxe7 Qxe7 10. Ne5 0-0 11. f4 f6 12. Nef3 Nd7 13. Qc2 f5 14. Ne5 Nxe5 15. fxe5 g5 16. Rae1 Kh8 17. Qd1 g4 18. Bxe4 dxe4 19. Rf2 Ba6 20. g3 Bd3 21. Nb3 a5 22. Nc1 c4 23. Ne2 Bxe2 24. Qxe2 b5 25. Rc1 Qd7 26. a4 Rfc8 27. axb5 Qxb5 28. h3 Rg8 29. Kh2 Rg6 30. hxg4 Rxg4 31. Rf4 Rag8 32. Rxg4 Rxg4 33. Rf1 1/2-1/2

[Event "Kiev Spring op"]
[Site "Kiev"]
[Date "2023.03.27"]
[Round "3"]
[White "Prymak, Mykhailo"]
[Black "Chornozem, Sergey"]
[Result "0-1"]
[WhiteElo "1407"]
[BlackElo "1839"]
[PlyCount "102"]
[EventDate "2023.03.25"]
[EventType "swiss"]
[EventRounds "9"]
[EventCountry "UKR"]
[SourceTitle "EXT 2024"]
[Source "ChessBase"]
[SourceDate "2023.10.10"]
[SourceVersion "1"]
[SourceVersionDate "2023.10.10"]
[SourceQuality "1"]

1. e4 c5 2. Nf3 d6 3. Bb5+ Nc6 4. c4 Bd7 5. Nc3 e6 6. 0-0 Nf6 7. d3 Be7 8. h3 0-0 9. Rb1 a6 10. Ba4 Qc7 11. a3 Ne5 12. Nxe5 dxe5 13. Bxd7 Qxd7 14. Qe2 Rfd8 15. Rd1 Qc6 16. b4 b5 17. Be3 Rab8 18. bxc5 Bxc5 19. Bxc5 Qxc5 20. Qb2 Rbc8 21. Qb4 g6 22. Qxc5 Rxc5 23. f4 exf4 24. e5 Nd7 25. Ne4 Rxe5 26. cxb5 axb5 27. Nd6 Rb8 28. Rdc1 Rd5 29. Ne4 Kg7 30. Rc3 Ne5 31. Nc5 g5 32. Rb4 Nc6 33. Nxe6+ fxe6 34. Rxc6 Re8 35. d4 Kf6 36. Rb6 Red8 37. R4xb5 Rxd4 38. a4 Rd1+ 39. Kh2 Ra1 40. h4 h6 41. hxg5+ hxg5 42. Kh3 Rd3+ 43. Kh2 Rdd1 44. Kh3 Rh1+ 45. Kg4 Ra3 46. Rb3 Rxb3 47. Rxb3 Ra1 48. Rb4 Ra3 49. Kh5 e5 50. Rb6+ Kf5 51. Ra6 Rg3 0-1

[Event "Kiev Slavjanskoe bratstvo"]
[Site "Kiev"]
[Date "2010.08.24"]
[Round "3"]
[White "Tarasov, Alexandr"]
[Black "Chornozem, Sergey"]
[Result "0-1"]
[WhiteElo "1870"]
[BlackElo "2086"]
[PlyCount "70"]
[EventDate "2010.06.22"]
[EventType "swiss"]
[EventRounds "9"]
[EventCountry "UKR"]
[SourceTitle "EXT 2011"]
[Source "ChessBase"]
[SourceDate "2010.11.26"]
[SourceVersion "1"]
[SourceVersionDate "2010.11.26"]
[SourceQuality "1"]

1. d4 d5 2. c4 c6 3. Nf3 Nf6 4. Nc3 dxc4 5. a4 Bf5 6. Ne5 e6 7. f3 Bb4 8. e4 Bg6 9. Bxc4 Nbd7 10. Nxd7 Nxd7 11. 0-0 0-0 12. Be3 Kh8 13. Qb3 Ba5 14. Qxb7 Rb8 15. Qxc6 Rb6 16. d5 Rxc6 17. dxc6 Bb6 18. Bxb6 Qxb6+ 19. Rf2 Qxc6 20. Bb5 Qc7 21. Rd1 Ne5 22. Rfd2 h6 23. Rd4 Qc5 24. Kf1 f6 25. h3 Be8 26. Bxe8 Rxe8 27. Rd8 Rxd8 28. Rxd8+ Kh7 29. Rd2 Nc4 30. Re2 Nxb2 31. Rxb2 Qxc3 32. Re2 Qa1+ 33. Kf2 Qxa4 34. g3 Qd4+ 35. Kg2 a5 0-1

[Event "Kiev-ch"]
[Site "Kiev"]
[Date "2009.01.26"]
[Round "8"]
[White "Kraschenko, Alexandr"]
[Black "Chornozem, Sergey"]
[Result "0-1"]
[WhiteElo "2027"]
[BlackElo "2085"]
[PlyCount "46"]
[EventDate "2009.01.17"]
[EventType "swiss"]
[EventRounds "11"]
[EventCountry "UKR"]
[SourceTitle "CBM 128 Extra"]
[Source "ChessBase"]
[SourceDate "2009.03.05"]
[SourceVersion "2"]
[SourceVersionDate "2009.03.25"]
[SourceQuality "1"]

1. Nf3 Nf6 2. d4 d5 3. c4 c6 4. Nc3 dxc4 5. e3 b5 6. a4 Nd5 7. axb5 Nxc3 8. bxc3 cxb5 9. Ne5 Bb7 10. Ba3 Nd7 11. Nxd7 Qxd7 12. Qc2 g6 13. f3 Bg7 14. e4 0-0 15. Be2 a5 16. 0-0 b4 17. Bb2 Rfc8 18. Rfd1 e6 19. Qd2 Qc7 20. Rdc1 Qb6 21. Kh1 b3 22. Ba3 a4 23. Bc5 Rxc5 0-1

[Event "Kiev-ch"]
[Site "Kiev"]
[Date "2008.01.20"]
[Round "2"]
[White "Stratulat, Sergey"]
[Black "Chornozem, Sergey"]
[Result "1-0"]
[WhiteElo "2252"]
[BlackElo "2080"]
[PlyCount "95"]
[EventDate "2008.01.19"]
[EventType "swiss"]
[EventRounds "11"]
[EventCountry "UKR"]
[SourceTitle "CBM 122 Extra"]
[Source "ChessBase"]
[SourceDate "2008.03.04"]
[SourceVersion "1"]
[SourceVersionDate "2008.03.04"]
[SourceQuality "1"]

1. e4 c6 2. d4 d5 3. exd5 cxd5 4. c4 Nf6 5. Nc3 g6 6. Nf3 Bg7 7. Bg5 dxc4 8. Bxc4 0-0 9. Ne5 Nc6 10. Nxc6 bxc6 11. 0-0 Rb8 12. Qd2 Bf5 13. Rfe1 Rb7 14. Rac1 Rd7 15. Rcd1 Nd5 16. Bxd5 cxd5 17. Bh6 Rb7 18. Bxg7 Kxg7 19. Re5 Be4 20. f3 f6 21. Re6 Bf5 22. Ra6 Bc8 23. Rc6 Bd7 24. Rc5 e6 25. b3 Qb8 26. Rc1 Rd8 27. Ne2 Be8 28. Qf4 Qxf4 29. Nxf4 Bf7 30. Nd3 Rd6 31. Rc7 Rd7 32. Rxd7 Rxd7 33. Rc6 g5 34. g3 Re7 35. f4 gxf4 36. gxf4 Kg6 37. Kf2 Kf5 38. Ke3 Be8 39. Rd6 Rc7 40. Nc5 Bf7 41. b4 a5 42. b5 e5 43. fxe5 fxe5 44. b6 Re7 45. b7 Re8 46. Nd7 exd4+ 47. Kxd4 Re4+ 48. Kd3 1-0

[Event "Kiev Independence Cup-A 7th"]
[Site "Kiev"]
[Date "2007.08.21"]
[Round "9"]
[White "Nazarian, Artur"]
[Black "Chornozem, Sergey"]
[Result "1-0"]
[WhiteElo "1975"]
[BlackElo "2098"]
[PlyCount "61"]
[EventDate "2007.08.13"]
[EventType "swiss"]
[EventRounds "11"]
[EventCountry "UKR"]
[SourceTitle "CBM 119 Extra"]
[Source "ChessBase"]
[SourceDate "2007.09.04"]
[SourceVersion "1"]
[SourceVersionDate "2007.09.04"]
[SourceQuality "1"]

1. e4 c5 2. Nf3 e6 3. Nc3 a6 4. d4 cxd4 5. Nxd4 Qc7 6. g3 b5 7. Bg2 Bb7 8. 0-0 d6 9. Re1 Ne7 10. Ncxb5 axb5 11. Nxb5 Qd7 12. Nxd6+ Kd8 13. Nxb7+ Kc7 14. Nc5 Qxd1 15. Rxd1 Nec6 16. Be3 e5 17. c3 Na5 18. Bf1 Bd6 19. b4 Bxc5 20. Bxc5 Nb7 21. Be3 Ra3 22. c4 Na6 23. b5 Nb4 24. Rd2 Rha8 25. c5 Na5 26. b6+ Kc8 27. Bh3+ Kb7 28. Rd7+ Kc6 29. Rc7+ Kb5 30. Bd7+ Ka6 31. Rb1 1-0

[Event "Kurass Memorial op 08th"]
[Site "Kiev"]
[Date "2007.06.24"]
[Round "6"]
[White "Moiseev, Igor"]
[Black "Chornozem, Sergey"]
[Result "0-1"]
[WhiteElo "2236"]
[BlackElo "2098"]
[PlyCount "75"]
[EventDate "2007.06.19"]
[EventType "swiss"]
[EventRounds "9"]
[EventCountry "UKR"]
[SourceTitle "EXT 2009"]
[Source "ChessBase"]
[SourceDate "2008.11.26"]
[SourceVersion "1"]
[SourceVersionDate "2008.11.26"]
[SourceQuality "1"]

1. e4 c6 2. d4 d5 3. Nc3 g6 4. e5 Bg7 5. Nf3 Nh6 6. Bf4 f6 7. Qd2 Nf7 8. h4 Bg4 9. Nh2 Bc8 10. 0-0-0 0-0 11. Be2 fxe5 12. dxe5 Nxe5 13. h5 Nbd7 14. hxg6 Nxg6 15. Bh6 Rf7 16. Bxg7 Rxg7 17. Ng4 Qf8 18. g3 e5 19. Bd3 e4 20. Nxe4 dxe4 21. Bc4+ Kh8 22. Qc3 Qf3 23. Qxf3 exf3 24. Rd6 Ngf8 25. Nh6 Rg6 26. Rd4 Ne5 27. Rd8 Kg7 28. Bb3 Rxh6 29. Rxh6 Kxh6 30. Rxf8 b6 31. Re8 Ng4 32. Be6 Bxe6 33. Rxa8 Nxf2 34. Rf8 Bg4 35. Kd2 Kg7 36. Rf4 h5 37. Ke1 Nh1 38. Ra4 0-1

[Event "Kurass Memorial op 08th"]
[Site "Kiev"]
[Date "2007.06.21"]
[Round "3"]
[White "Chornozem, Sergey"]
[Black "Radchenko, Alexey"]
[Result "1-0"]
[WhiteElo "2098"]
[BlackElo "1975"]
[PlyCount "93"]
[EventDate "2007.06.19"]
[EventType "swiss"]
[EventRounds "9"]
[EventCountry "UKR"]
[SourceTitle "EXT 2009"]
[Source "ChessBase"]
[SourceDate "2008.11.26"]
[SourceVersion "1"]
[SourceVersionDate "2008.11.26"]
[SourceQuality "1"]

1. e4 c6 2. d3 d5 3. Nd2 dxe4 4. dxe4 g6 5. Ngf3 Bg4 6. Bc4 e6 7. 0-0 Bg7 8. h3 Bxf3 9. Qxf3 Nd7 10. Be2 Ne5 11. Qb3 Nf6 12. Qxb7 0-0 13. Qb3 c5 14. Qg3 Nc6 15. c3 Nd7 16. Nc4 Nde5 17. Nxe5 Bxe5 18. f4 Bc7 19. Be3 Bb6 20. Rad1 Qe7 21. Kh1 Rad8 22. Bb5 Na5 23. Rxd8 Rxd8 24. f5 exf5 25. exf5 c4 26. fxg6 Bxe3 27. gxf7+ Kh8 28. f8Q+ Rxf8 29. Rxf8+ Qxf8 30. Qxe3 Qf7 31. Qe8+ Kg7 32. Qxf7+ Kxf7 33. Kg1 Ke6 34. Kf2 Kf6 35. Ke3 Nb7 36. Ba4 Nc5 37. Bc2 h6 38. g4 Ke5 39. h4 Ne6 40. Bh7 Nc5 41. Bc2 Ne6 42. b4 Nc7 43. g5 hxg5 44. hxg5 Nd5+ 45. Kd2 Nf4 46. g6 Kf6 47. Ke3 1-0

[Event "Kiev Independence Cup-A 6th"]
[Site "Kiev"]
[Date "2006.08.23"]
[Round "11"]
[White "Chornozem, Sergey"]
[Black "Vdovichenko, Vladislav"]
[Result "0-1"]
[WhiteElo "2080"]
[BlackElo "2065"]
[PlyCount "58"]
[EventDate "2006.08.13"]
[EventType "swiss"]
[EventRounds "11"]
[EventCountry "UKR"]
[SourceTitle "CBM 113 Extra"]
[Source "ChessBase"]
[SourceDate "2006.09.14"]
[SourceVersion "1"]
[SourceVersionDate "2006.09.14"]
[SourceQuality "1"]

1. e4 e6 2. d3 d5 3. Nd2 Nf6 4. Ngf3 c5 5. g3 Nc6 6. Bg2 Be7 7. 0-0 0-0 8. Re1 dxe4 9. dxe4 e5 10. c3 Qc7 11. Qe2 Rd8 12. Nf1 h6 13. Nh4 Be6 14. Nf5 Bf8 15. N1e3 g6 16. Nh4 Kh7 17. Qf3 Bg7 18. Bf1 Rd7 19. h3 Ne7 20. Kh2 a6 21. a4 Nc6 22. Bc4 Na5 23. Bxe6 fxe6 24. Ng4 Rf8 25. Kg2 g5 26. Bxg5 hxg5 27. Nxf6+ Rxf6 28. Qh5+ Rh6 29. Qxg5 Bf6 0-1

[Event "Kiev Independence Cup-A 6th"]
[Site "Kiev"]
[Date "2006.08.17"]
[Round "5"]
[White "Chornozem, Sergey"]
[Black "Moliboga, Vladimir"]
[Result "1-0"]
[WhiteElo "2080"]
[BlackElo "2284"]
[PlyCount "79"]
[EventDate "2006.08.13"]
[EventType "swiss"]
[EventRounds "11"]
[EventCountry "UKR"]
[SourceTitle "CBM 113 Extra"]
[Source "ChessBase"]
[SourceDate "2006.09.14"]
[SourceVersion "1"]
[SourceVersionDate "2006.09.14"]
[SourceQuality "1"]

1. e4 g6 2. d4 Bg7 3. Nc3 d6 4. Be3 Nf6 5. f3 a6 6. Qd2 h6 7. 0-0-0 b5 8. h4 Bb7 9. Nh3 Nbd7 10. Nf2 c5 11. dxc5 dxc5 12. Nd3 Qc8 13. Nf4 Qc6 14. Ncd5 e6 15. Nxf6+ Bxf6 16. Qf2 0-0-0 17. Be2 c4 18. g3 b4 19. Kb1 Kb8 20. Ng2 Ka8 21. Bd4 e5 22. Be3 Rc8 23. Rc1 Bg7 24. b3 f5 25. exf5 gxf5 26. Rhd1 c3 27. Ne1 Nf6 28. Bc4 Rhe8 29. a4 bxa3 30. Ka2 e4 31. Bf4 exf3 32. Rd3 Rxe1 33. Qxe1 Ng4 34. Rd6 Qe4 35. Qf1 Rc6 36. Bd5 Rxd6 37. Bxe4 fxe4 38. Bxd6 e3 39. Qc4 Be5 40. Qg8+ 1-0

[Event "Kiev Independence Cup-A 6th"]
[Site "Kiev"]
[Date "2006.08.16"]
[Round "4"]
[White "Kruglyakov, Pavlo"]
[Black "Chornozem, Sergey"]
[Result "1/2-1/2"]
[WhiteElo "2281"]
[BlackElo "2080"]
[PlyCount "40"]
[EventDate "2006.08.13"]
[EventType "swiss"]
[EventRounds "11"]
[EventCountry "UKR"]
[SourceTitle "CBM 113 Extra"]
[Source "ChessBase"]
[SourceDate "2006.09.14"]
[SourceVersion "1"]
[SourceVersionDate "2006.09.14"]
[SourceQuality "1"]

1. e4 c5 2. Nf3 e6 3. d4 cxd4 4. Nxd4 a6 5. Nc3 Qc7 6. Be2 Nf6 7. 0-0 Bb4 8. Be3 Bxc3 9. bxc3 d6 10. Bd3 Nbd7 11. f4 Nc5 12. Qf3 e5 13. fxe5 dxe5 14. Nf5 Bxf5 15. Qxf5 0-0 16. g4 Nxd3 17. cxd3 Rad8 18. Bg5 Rxd3 19. Bxf6 Qb6+ 20. Kh1 Qxf6 1/2-1/2

[Event "Kiev Independence Cup-A 6th"]
[Site "Kiev"]
[Date "2006.08.14"]
[Round "2"]
[White "Chornozem, Sergey"]
[Black "Zhesterev, Anatoliy"]
[Result "0-1"]
[WhiteElo "2080"]
[BlackElo "2251"]
[PlyCount "138"]
[EventDate "2006.08.13"]
[EventType "swiss"]
[EventRounds "11"]
[EventCountry "UKR"]
[SourceTitle "CBM 113 Extra"]
[Source "ChessBase"]
[SourceDate "2006.09.14"]
[SourceVersion "1"]
[SourceVersionDate "2006.09.14"]
[SourceQuality "1"]

1. e4 c6 2. d3 d5 3. Nd2 e5 4. Ngf3 Bd6 5. Be2 Nf6 6. 0-0 0-0 7. Re1 Bg4 8. h3 Bh5 9. Nh2 Bxe2 10. Qxe2 Nbd7 11. Ndf1 dxe4 12. dxe4 Nc5 13. Ng3 Re8 14. Qf3 Ne6 15. c3 Qb6 16. Nf5 Be7 17. Nf1 Rad8 18. N1g3 Qb5 19. b3 Qd3 20. Nxe7+ Rxe7 21. Ba3 Qxf3 22. gxf3 Red7 23. Ne2 Rd3 24. Kg2 Nh5 25. Bc1 R8d6 26. c4 b6 27. Be3 Nef4+ 28. Kh2 Nxe2 29. Rxe2 c5 30. Ree1 g6 31. Rg1 f6 32. Rgc1 a5 33. Re1 Kf7 34. Kg2 g5 35. Rh1 h6 36. h4 Ng7 37. hxg5 fxg5 38. Rab1 Ne6 39. Kg3 Kg6 40. Kg4 Ng7 41. Kg3 Ne6 42. Kg4 Nd4 43. Rh3 Rf6 44. Rbh1 Kg7 45. Rb1 Nc2 46. Rb2 Nxe3+ 47. fxe3 Rxe3 48. Kh5 Rd3 49. Rf2 Rf4 50. Rfh2 Rfxf3 51. Rxf3 Rxf3 52. Rd2 Rf6 53. Rd7+ Kf8 54. Rb7 Ke8 55. a4 Kd8 56. Rh7 g4 57. Rg7 Rf3 58. Kxg4 Rf4+ 59. Kh5 Rxe4 60. Rb7 Re3 61. Kxh6 Rxb3 62. Kg5 Kc8 63. Re7 Rc3 64. Kf5 Rxc4 65. Kxe5 Rd4 66. Rh7 Rd7 67. Rh6 Kc7 68. Rh8 Rd4 69. Rh6 Rxa4 0-1

[Event "Kiev Independence Cup-A 6th"]
[Site "Kiev"]
[Date "2006.08.13"]
[Round "1"]
[White "Vovk, Orest"]
[Black "Chornozem, Sergey"]
[Result "1-0"]
[WhiteElo "2296"]
[BlackElo "2080"]
[PlyCount "63"]
[EventDate "2006.08.13"]
[EventType "swiss"]
[EventRounds "11"]
[EventCountry "UKR"]
[SourceTitle "CBM 113 Extra"]
[Source "ChessBase"]
[SourceDate "2006.09.14"]
[SourceVersion "1"]
[SourceVersionDate "2006.09.14"]
[SourceQuality "1"]

1. g3 Nf6 2. d4 d5 3. Bh3 Bxh3 4. Nxh3 e6 5. 0-0 c5 6. dxc5 Bxc5 7. c4 0-0 8. cxd5 Nxd5 9. Nf4 Nxf4 10. Bxf4 Nc6 11. Nc3 e5 12. Bd2 Rc8 13. Ne4 Bb6 14. Bc3 Qe7 15. Qd6 Qe8 16. Bb4 Nxb4 17. Qxb4 Qe6 18. Nc3 Rc4 19. Qb3 Rfc8 20. Rad1 h5 21. Nd5 R8c6 22. Nxb6 Rxb6 23. Rd8+ Kh7 24. Qa3 Ra6 25. Qf3 g6 26. Rfd1 e4 27. Qf4 e3 28. Rh8+ Kg7 29. Qh6+ Kf6 30. f4 Ra5 31. Rhd8 Rc6 32. b4 1-0

[Event "Kiev Independence Cup-B 6th"]
[Site "Kiev"]
[Date "2006.08.09"]
[Round "8"]
[White "Docenko, Feodosij"]
[Black "Chornozem, Sergey"]
[Result "0-1"]
[WhiteElo "2087"]
[BlackElo "2080"]
[PlyCount "127"]
[EventDate "2006.08.02"]
[EventType "swiss"]
[EventRounds "9"]
[EventCountry "UKR"]
[SourceTitle "CBM 113 Extra"]
[Source "ChessBase"]
[SourceDate "2006.09.14"]
[SourceVersion "1"]
[SourceVersionDate "2006.09.14"]
[SourceQuality "1"]

1. Nf3 d5 2. b3 Bf5 3. Bb2 e6 4. e3 Nf6 5. d4 c6 6. Bd3 Bxd3 7. Qxd3 Nbd7 8. Nbd2 Bd6 9. Ne5 0-0 10. f4 Rc8 11. 0-0 c5 12. c3 cxd4 13. exd4 Qc7 14. Rf3 Rfd8 15. Rh3 Nf8 16. Rf1 Ne8 17. Qf3 f6 18. Nd3 Qf7 19. Re1 b5 20. b4 Ra8 21. Nb3 Bc7 22. Ndc5 Nd6 23. Bc1 f5 24. Qe2 Re8 25. Nd3 Nc4 26. Ne5 Bxe5 27. fxe5 Reb8 28. Nc5 a5 29. a3 axb4 30. cxb4 Ra7 31. Rd1 Rba8 32. Rdd3 Nd7 33. Rhg3 Kh8 34. h3 Nb8 35. Qf2 Nc6 36. Kh2 h6 37. Rgf3 Qg6 38. Qh4 Re8 39. Rg3 Qh7 40. Qh5 Rae7 41. Rg6 N6xe5 42. dxe5 Nxe5 43. Rxh6 gxh6 44. Bb2 Qg7 45. Qe2 Ng4+ 46. hxg4 e5 47. Rxd5 fxg4 48. Nd3 Kg8 49. Bxe5 Qg5 50. Qa2 Qh4+ 51. Kg1 Kh7 52. Qc2 Kg8 53. Qf2 Qg5 54. Qf4 Qg6 55. Qf6 Qxf6 56. Bxf6 Re3 57. Bh4 g3 58. Bxg3 Rxg3 59. Kf2 Rge3 60. Nf4 R3e5 61. Rd6 Rf5 62. Kf3 Ra8 63. Ke4 Rf7 64. Rb6 0-1

[Event "Kiev Independence Cup-B 6th"]
[Site "Kiev"]
[Date "2006.08.05"]
[Round "4"]
[White "Vusatiuk, Andrey"]
[Black "Chornozem, Sergey"]
[Result "1-0"]
[WhiteElo "2305"]
[BlackElo "2080"]
[PlyCount "99"]
[EventDate "2006.08.02"]
[EventType "swiss"]
[EventRounds "9"]
[EventCountry "UKR"]
[SourceTitle "CBM 113 Extra"]
[Source "ChessBase"]
[SourceDate "2006.09.14"]
[SourceVersion "1"]
[SourceVersionDate "2006.09.14"]
[SourceQuality "1"]

1. e4 c5 2. Nf3 e6 3. c3 d5 4. e5 Nc6 5. d4 Qb6 6. Bd3 h6 7. 0-0 cxd4 8. cxd4 Bd7 9. Nc3 Nxd4 10. Nxd4 Qxd4 11. Qe2 a6 12. Kh1 Qb6 13. f4 Ne7 14. Be3 d4 15. Ne4 Nf5 16. Bf2 Bc6 17. Rac1 Be7 18. Nd2 0-0 19. Rfd1 Qd8 20. Nf3 Qd5 21. b3 Ba3 22. Rc2 Rac8 23. Bxd4 Kh8 24. Bc5 Bxc5 25. Bxf5 Bb5 26. Rxd5 Bxe2 27. Rdxc5 Rxc5 28. Rxc5 exf5 29. Rc7 b5 30. Nd4 Bd3 31. Kg1 Kg8 32. Kf2 Be4 33. Ke3 Bxg2 34. Nxf5 Rd8 35. Nd6 f6 36. Nf5 Bh3 37. Nxg7 fxe5 38. fxe5 Rd5 39. Kf4 Rd2 40. Kg3 Rd3+ 41. Kf4 Rd2 42. e6 Bxe6 43. Nxe6 Rxa2 44. h4 a5 45. Rg7+ Kh8 46. Rb7 b4 47. h5 Ra3 48. Nd4 a4 49. Rxb4 axb3 50. Rxb3 1-0